| 000 | 00670nam a22002175i 4500 | ||
|---|---|---|---|
| 001 | 48402 | ||
| 003 | ES-MaACL | ||
| 005 | 20230906161739.0 | ||
| 007 | t| | ||
| 008 | 950714s1859 fr ||||1| fre d | ||
| 040 |
_aCAM _bspa _cCAM |
||
| 100 | 1 |
_aDavid, R.G. _942883 |
|
| 245 | 1 | 3 |
_aLe tueur de brigands _b: histoires anecdotiques des principaux bandits de l'Italie / _cR.G. David et Ch. Vincent. |
| 260 |
_aParis : _bLibrairie Nouvelle, _c1859. |
||
| 300 |
_a[4], 319 p. ; _c19 cm. |
||
| 490 | 1 | _aBibliothèque nouvelle | |
| 700 | 1 |
_aVincent, Charles. _9115305 |
|
| 830 | 0 |
_aBibliothèque nouvelle _9188117 |
|
| 852 |
_aES-MaACL _jD-764 |
||
| 999 |
_c48402 _d48402 |
||